Miasta posiadające klub w historii NBA - Statystyki

Ogólne statystyki
  • Ten quiz został rozwiązany 361 razy
    108 od ostatniego zresetowania
  • Średni wynik to 19 z 41
Statystyki odpowiedzi
Miasta % Poprawnych
Los Angeles
91%
Nowy Jork
89%
Chicago
86%
Boston
79%
Miami
79%
San Antonio
76%
Waszyngton
76%
San Francisco
74%
Dallas
69%
Seattle
69%
Toronto
68%
Denver
67%
Atlanta
66%
Houston
65%
Detroit
64%
Orlando
64%
Portland
64%
Charlotte
62%
Philadelphia
60%
Phoenix
59%
Sacramento
58%
Milwaukee
53%
Oklahoma City
49%
Indianapolis
48%
Salt Lake City
47%
Cleveland
44%
San Diego
36%
Vancouver
36%
Baltimore
20%
Kansas City
20%
St. Louis
19%
Cincinnati
16%
Oakland
14%
Buffalo
12%
Pittsburgh
8%
Syracuse
6%
Rochester
5%
Anderson
0%
Providence
0%
Sheboygan
0%
Waterloo
0%
Nie znaleziono quizów pasujących do podanych kryteriów
Rozkład punktacji
Procent ludzi z każdym wynikiem
Percentyl według liczby udzielonych odpowiedzi
Twoja historia wyników
Nie rozwiązałeś tego quizu od ostatniego zresetowania